ბათუმის შოთა რუსთაველის სახელმწიფო უნივერსიტეტის ბიბლიოთეკა

მრავალწლოვანი სასოფლო-სამეურნეო კულტურები: (ბიბ.ჩანაწერი № 44635)

000 -ლიდერი
ფიქსირებული სიგრძის საკონტროლო ველი 01020nam a2200217Ia 4500
001 - საკონტროლო ნომერი
საკონტროლო ველი 11438
003 - საკონტროლო ნომრის იდენტიფიკატორი
საკონტროლო ველი GE_BSU
005 - ბოლო ოპერაციის თარიღი და დრო
საკონტროლო ველი 20250616122636.0
008 - ფიქსირებული სიგრძის მონაცემთა ელემენტები - ზოგადი ინფორმაცია
ფიქსირებული სიგრძის საკონტროლო ველი 181216s2002||||ge |||||||||||||| ||geo||
040 ## - კატალოგიზაციის წყარო
Transcribing agency GE_BSU
041 ## - ენის კოდი
Language code of text/sound track or separate title geo
080 ## - უნივერსალური ათობითი კლასიფიკაციის ინდექსი
Universal Decimal Classification number 634.1 ზ-33
100 ## - მთავარი ჩანაწერი - პიროვნების სახელი
Personal name ზარდალიშვილი, ო.
9 (RLIN) 2501
245 ## - ცნობა სათაურის შესახებ
Title მრავალწლოვანი სასოფლო-სამეურნეო კულტურები:
Remainder of title [სახელმძღვანელო] /
Statement of responsibility, etc ო. ზარდალიშვილი, მ. ვარძელაშვილი; რედაქტორი ზ. ბურდილაძე.
264 ## - წარმოების, გამოცემის, დისტრიბუციის და სხვა ცნობები
გამოცემის, წარმოების, დისტრიბუციის... ადგილი თბილისი,
გამოცემის, წარმოების, დისტრიბუციის... თარიღი 2002.
300 ## - ფიზიკური აღწერა
Extent 184 გვ.;
Other physical details 20 სმ.
653 ## - INDEX TERM--UNCONTROLLED
Uncontrolled term სასოფლო-სამეურნეო კულტურები
700 ## - ADDED ENTRY--PERSONAL NAME
Personal name ვარძელაშვილი, მ.
Relator term ავტორი
9 (RLIN) 25436
700 ## - ADDED ENTRY--PERSONAL NAME
Personal name ბურდილაძე, ზ.
Relator term რედაქტორი
9 (RLIN) 2504
942 ## - ADDED ENTRY ELEMENTS (KOHA)
Koha item type წიგნი
Source of classification or shelving scheme
ეგზემპლარები
ჩამოწერის სტატუსი დაკარგული ეგზემპლარის სტატუსი კლასიფიკაციის წყარო ან თაროზე გაწყობის სქემა დაზიანების სტატუსი არ გაიცემა მუდმივი მდებარეობა (დაცვის ადგილი) ამჟამინდელი ადგილსამყოფელი თაროზე განთავსების ადგილი შეძენის თარიღი სრული შენახვის შიფრი შტრიხკოდი ბოლო ოპერაციის თარიღი ეგზემპლარის მიმდევრობითი ნომერი (კეტერი?) ფასის ძალაში შესვლის თარიღი ეგზემპლარის სახეობა ღირებულება, შესყიდვის ნორმალური ფასი საჯარო შენიშვნა
          აგრარული და მემბრანული ტექნოლოგიების ინსტიტუტის ბიბლიოთეკა აგრარული და მემბრანული ტექნოლოგიების ინსტიტუტის ბიბლიოთეკა წიგნსაცავი 2018-12-17 634.1 ზ-33 20278 2018-12-17 20278 2018-12-17 წიგნი    
          აგრარული და მემბრანული ტექნოლოგიების ინსტიტუტის ბიბლიოთეკა აგრარული და მემბრანული ტექნოლოგიების ინსტიტუტის ბიბლიოთეკა წიგნსაცავი 2018-12-17 634.1 ზ-33 20277 2018-12-17 20277 2018-12-17 წიგნი    
          აგრარული და მემბრანული ტექნოლოგიების ინსტიტუტის ბიბლიოთეკა აგრარული და მემბრანული ტექნოლოგიების ინსტიტუტის ბიბლიოთეკა წიგნსაცავი 2018-12-17 634.1 ზ-33 20276 2018-12-17 20276 2018-12-17 წიგნი    
          აგრარული და მემბრანული ტექნოლოგიების ინსტიტუტის ბიბლიოთეკა აგრარული და მემბრანული ტექნოლოგიების ინსტიტუტის ბიბლიოთეკა წიგნსაცავი 2025-06-16 634(075.8) ზ-33 71820 2025-06-16 71820 2025-06-16 წიგნი 6.00 6 ლ.